| 000 | 00456nam a2200169 4500 | ||
|---|---|---|---|
| 001 | 45653 | ||
| 090 | _a45653 | ||
| 100 | _a20260210 pory50 | ||
| 101 | _apor | ||
| 102 | _aPT | ||
| 200 |
_aFace ao obscurantismo Woke _fEmmanuelle Hénin ... [et al.] |
||
| 210 |
_aLisboa _cGuerra & Paz _d2025 |
||
| 215 | _a308 p. | ||
| 314 | _aAutores: Emmanuelle Hénin ; Xavier-Laurent Salvador , Pierre Vermeren | ||
| 675 | _a316.6 | ||
| 801 |
_aPT _gRPC |
||
| 990 | _cLIVROS | ||